000 01381cam a2200169 4500500
005 20260405005638.0
041 _afre
042 _adc
100 1 0 _aBouyahia, Malek
_eauthor
700 1 0 _aBouyahia, Malek
_eauthor
700 1 0 _aFreitas, Franck
_eauthor
700 1 0 _aRamdani, Karima
_eauthor
245 0 0 _aPenser avec Stuart Hall : Précédé de deux textes inédits de Stuart Hall
260 _bLa Dispute,
_c2021.
520 _aCet ouvrage collectif présente et examine l'Åuvre du sociologue marxiste Stuart Hall, pionnier des cultural studies mais aussi théoricien du postcolonialisme de première importance. Les chapitres font alterner des éclairages du contexte théorique, institutionnel et politique du développement de sa pensée, des explications de ses conceptions de la "A raceA ", de l'hégémonie ou encore des signifiants vides, et des usages contemporains de sa théorie, pour penser par exemple la situation de la gauche états-unienne ou l'expérience politique des personnes racisées dans les quartiers populaires en France aujourd'hui. Le livre est précédé de la traduction de deux textes majeurs de Stuart Hall, au sujet des identités diasporiques et des rapports entre discours et pouvoir dans la période postcoloniale.
856 4 1 _uhttps://shs.cairn.info/penser-avec-stuart-hall--9782843033032?lang=fr&redirect-ssocas=7080
999 _c2085374
_d2085374